Conan Gray - Killing Me - All lyrics - Statistics

General Stats
  • This quiz has been taken 32 times
  • The average score is 308 of 388
Answer Stats
Answer % Correct
a
100%
I
100%
you
100%
it
95%
killing
95%
(Killing)
95%
(Killing),
95%
(Killing,
95%
me
95%
me,
95%
the
95%
a.m.,
90%
am
90%
hear
90%
Oh
90%
oh,
90%
(Oh)
90%
Oh-oh
90%
oh-oh)
90%
your
90%
you're
90%
You're
90%
2
86%
and
86%
And
86%
go
86%
It's
86%
know
86%
lie
86%
No,
86%
not
86%
to
86%
To
86%
can
81%
can't
81%
easy
81%
in
81%
love
81%
makin'
81%
my
81%
that
81%
actor
76%
bad,
76%
cheatin'
76%
for
76%
good
76%
(Ha)
76%
just
76%
see
76%
want
76%
we
76%
weeks
76%
busy
71%
But
71%
but
71%
curious
71%
faster
71%
faster,
71%
feelin'
71%
free
71%
haven't
71%
how
71%
lucky
71%
lyin'
71%
matter?
71%
ringin'
71%
say,
71%
spoken
71%
such
71%
take
71%
that's
71%
Then
71%
Too
71%
What's
71%
are
67%
away
67%
bleedin'
67%
driveway
67%
every
67%
Got
67%
heart
67%
moment
67%
problem
67%
wanna
67%
alive
62%
another
62%
at
62%
call,
62%
car
62%
cause
62%
cellular
62%
cryin'
62%
die,
62%
die
62%
don't
62%
invade
62%
is,
62%
keep
62%
let
62%
man
62%
Now
62%
of
62%
So
62%
thing
62%
til
62%
worship
62%
barely
57%
breathin'
57%
competin'
57%
deceivin'
57%
deserve,
57%
I’m
57%
meet
57%
occurrin'
57%
rock
57%
talk,
57%
though
57%
as
52%
break,
52%
chase
52%
face
52%
Fight
52%
sadly,
52%
windowpane
52%
(Ah-ah-ah)
48%
Better
48%
chasin'
48%
life
48%
Said,
48%
survive,
48%
Try
48%
hurtin'
43%
locks
43%
tossin'
43%
claw
38%
fiendin'
29%
No matching quizzes found
Score Distribution
Percent of People with Each Score
Percentile by Number Answered
Your Score History
You have not taken this quiz